All Punk Subgenres according to RYM - Statistics

General Stats
  • This quiz has been taken 221 times
  • The average score is 40 of 80
Answer Stats
Hint Answer % Correct
H Hardcore
91%
H Hardcore Punk
91%
P Post-Punk
86%
P Pop Punk
82%
E Emo
79%
S Ska Punk
75%
G Grindcore
71%
C Crust Punk
70%
P Post-Hardcore
70%
M Metalcore
66%
P Punk Rock
64%
F Folk Punk
63%
A Art Punk
62%
S Skate Punk
62%
A Anarcho-Punk
61%
Q Queercore
60%
G Goregrind
58%
D Deathcore
57%
S Screamo
57%
E Emocore
55%
M Midwest Emo
55%
P Pornogrind
55%
R Riot Grrrl
55%
M Mathcore
54%
E Emoviolence
53%
O Oi!
53%
C Crossover Thrash
52%
H Horror Punk
51%
M Melodic Metalcore
51%
T Thrashcore
51%
C Celtic Punk
49%
E Egg Punk
49%
E Emo-Pop
49%
G Garage Punk
49%
M Melodic Hardcore
49%
P Powerviolence
49%
P Proto-Punk
49%
S Synth Punk
49%
J Japanese Hardcore
48%
G Gothic Rock
47%
M Mincecore
47%
D D-Beat
46%
D Deathrock
46%
N No Wave
46%
B Blackened Crust
45%
C Cybergrind
45%
D Deathgrind
45%
S Stenchcore
45%
S Street Punk
45%
S Surf Punk
45%
B Burning Spirits
44%
C Coldwave
44%
G Glam Punk
44%
D Dance-Punk
43%
G Gorenoise
43%
N New York Hardcore
43%
P Post-Punk Revival
43%
B Beatdown Hardcore
42%
C Cowpunk
42%
E Easycore
42%
G Gypsy Punk
42%
P Punk Blues
42%
U UK82
42%
N Noisecore
41%
P Psychobilly
41%
S Skacore
40%
D Downtempo Deathcore
39%
S Swancore
39%
N Noisegrind
38%
N Neocrust
36%
N Nintendocore
36%
S Sasscore
35%
V Vikingarock
35%
D Digital Hardcore
34%
C Crack Rock Steady
32%
E Electronicore
31%
K Könsrock
29%
D Deutschpunk
24%
M Mod Revival
24%
S Seishun Punk
24%
No matching quizzes found
Score Distribution
Percent of People with Each Score
Percentile by Number Answered
Your Score History
You have not taken this quiz